|
|
|
|
| LEADER |
00742nab a2200193 i 4500 |
| 001 |
misc11079 |
| 005 |
20191106142117.0 |
| 008 |
170607s1937 hu o 0|| hun d |
| 022 |
|
|
|a 0025-0260
|
| 040 |
|
|
|a SZTE Miscellanea Repozitórium
|b hun
|
| 041 |
|
|
|a hun
|
| 100 |
1 |
|
|a Fábián Anna
|
| 245 |
1 |
0 |
|a Ernst Otto
|h [elektronikus dokumentum] :
|b Allgemeine Unterrichtslehre : [könyvismertetés] /
|c Fábián Anna
|
| 260 |
|
|
|c 1937
|
| 300 |
|
|
|a 286-287
|
| 490 |
0 |
|
|a Magyar pedagógia : a Magyar Tudományos Akadémia Pedagógiai Bizottságának folyóirata
|v 46
|
| 695 |
|
|
|a Oktatáselmélet könyvismertetés, Általános oktatástan
|
| 700 |
0 |
1 |
|a Otto Ernst
|
| 856 |
4 |
0 |
|u http://misc.bibl.u-szeged.hu/11079/1/mp_1937_3690_286-287.pdf
|z Dokumentum-elérés
|